Po stopách československých křídel : naše první rychlostní závody /

Hlavní autor: Dub, Michal, 1976-
Další autoři: Lukeš, Petr, Břínek, Miroslav
Jazyk: Čeština
Vydáno: Nevojice : Jakab Publishing, 2016
Edice: Aero
Témata:
Fyzický popis: 34 stran : ilustrace (některé barevné) portréty, faksimile ; 30 cm
Knihy
Uloženo v:
LEADER 02220cam a2200589 i 4500
001 nkc20162859129
003 CZ PrNK
005 20221122112226.0
007 ta
008 161027s2016 xr ach e f 000 0 cze d
015 |a cnb002859129 
020 |a 978-80-87350-44-7  |q (brožováno) :  |c Kč 99,00 
035 |a (OCoLC)975046359 
040 |a KLG001  |b cze  |d BOA001  |d ABA001  |e rda 
043 |a e-cs--- 
045 |a x2x2 
072 7 |a 797  |x Vodní sporty. Letecké sporty  |2 Konspekt  |9 20 
080 |a 797.55.093  |2 MRF 
080 |a 629.7(091)  |2 MRF 
080 |a (437)  |2 MRF 
080 |a (036)  |2 MRF 
080 |a (084.11)  |2 MRF 
100 1 |a Dub, Michal,  |d 1976-  |7 xx0044157  |4 aut 
245 1 0 |a Po stopách československých křídel :  |b naše první rychlostní závody /  |c Michal Dub, Petr Lukeš, Miroslav Břínek 
264 1 |a Nevojice :  |b Jakab Publishing,  |c 2016 
300 |a 34 stran :  |b ilustrace (některé barevné) portréty, faksimile ;  |c 30 cm 
336 |a text  |b txt  |2 rdacontent 
336 |a statický obraz  |b sti  |2 rdacontent 
337 |a bez média  |b n  |2 rdamedia 
338 |a svazek  |b nc  |2 rdacarrier 
490 1 |a Aero,  |x 2336-4645 ;  |v 25 
504 |a Obsahuje bibliografické odkazy 
610 2 7 |a Letiště Praha-Kbely  |7 kn20090819001  |2 czenas 
648 4 |a 1921-1923 
650 0 7 |a letecké závody  |7 ph249658  |z Československo  |2 czenas 
650 0 7 |a dějiny letectví  |7 ph488979  |z Československo  |2 czenas 
650 0 9 |a airplane racing  |z Czechoslovakia  |2 eczenas 
650 0 9 |a history of aviation  |z Czechoslovakia  |2 eczenas 
655 7 |a informační publikace  |7 fd132454  |2 czenas 
655 7 |a obrazové publikace  |7 fd132947  |2 czenas 
655 9 |a information publications  |2 eczenas 
655 9 |a pictorial works  |2 eczenas 
700 1 |a Lukeš, Petr  |7 ola20181010377  |4 aut 
700 1 |a Břínek, Miroslav  |7 mzk2004258532  |4 aut 
830 0 |a Aero  |0 s 
910 2 |a BOA001  |b 4-1379.936 
920 |a 1100722  |z KLG001 
990 |a BK 
995 |a 01 
991 |b 201701  |c NOV 
996 6 |b 2610692630  |c 4-1379.936  |l MZK  |r Sklad / do 1 hodiny  |n 0  |p p.v.  |w 001594569  |u 000010  |a 1  |e BOA001  |j MZK50  |s P 
996 7 |b 2610692631  |c 4-1379.936  |l MZK  |r Sklad / do 1 hodiny  |n 3  |p p.v.  |w 001594569  |u 000020  |a 1  |e BOA001  |j MZK50  |s A